Karkkien merkit - Statistics

Yleistilastot
  • Tätä visaa on pelattu 113 kertaa
  • Keskiarvotulos 8 / 16
Vastaustilastot
Kuvavisa Vastaus % Oikein
Fazer
91%
Milka
86%
Kinder
80%
Malaco
69%
Rainbow
59%
Bonbon
53%
Brunberg
52%
Lindt
52%
Marabou
48%
Panda
48%
Halva
40%
Fazer
37%
Nestle
36%
Nestle
26%
Werthers original
23%
Cloetta
16%
Ehtoja vastaavia visoja ei löytynyt
Tulosjakauma
Jokaisen tuloksen saaneiden osuus
Persentiili vastausten määrän mukaan
Tuloshistoriasi
Et ole pelannut tätä visaa